000 00558nam a2200157Ia 4500
008 140910s9999 xx 000 0 und d
020 _a9780071750950
050 _aBF 637.L4
_b.N33 2011
100 _aNadler, Reldan S.
245 _aLeading with emotional intelligence :
_bhands-on strategies for building confident and collaborative star performers /
_cReldan S. Nadler.
260 _aNew York :
_bMcGraw-Hill,
_cc2011.
300 _axxii, 340 pages :
_billustration ;
_c24 cm.
650 _aEmotional Intelligence.
650 _aLeadership.
942 _cBK
999 _c275470
_d275470